PDC-Dartsgrid DE #1 - Statistiken

Allgemein
  • Dieses Quiz wurde 80 mal gespielt
    54 seit der letzten Aktualisierung
  • Das Durchschnittsergebnis liegt bei 4 aus 9
Antwortstatistiken
Hint 1 Sieger eines World-Series-Turniers Dartssausstatter: Shot geboren vor 1975 % Korrekt
Linkshänder James Wade . .
98%
Nicht-Europäer Damon Heta . .
78%
Simon Whitlock
71%
Bestes European-Tour-Ergebnis:Runner-Up Nathan Aspinall | Dimitri van den Bergh . .
41%
Haupai Puha
29%
Mickey Mansell
24%
Niels Zonneveld
24%
Brendan Dolan | Andrew Gilding
17%
Rowby-J. Rodriguez
12%
Keine übereinstimmenden Quizze gefunden
Verteilung der Resultate
Anzahl Personen mit jedem Resultat
Perzentil nach korrekt beantworteten Fragen
Ihre Resultats-Entwicklung
Sie haben dieses Quiz seit der letzten Aktualisierung nicht gespielt